| 000 | 00757cam a2200253 a 4500 | ||
|---|---|---|---|
| 001 | 16805137 | ||
| 003 | OSt | ||
| 005 | 20180226183903.0 | ||
| 008 | 110601s2011 stka bf 001 0 eng | ||
| 010 | _a 2011411339 | ||
| 020 | _a9780702055041 | ||
| 040 |
_aDLC _cDLC |
||
| 042 | _apcc | ||
| 082 |
_aWB 460 _bN398n 2011 |
||
| 100 |
_aEdited by Nicola J.Petty ; Alison Rushton. _912482 |
||
| 245 | 0 | 0 |
_aNeuromusculoskeletal Examination and Assessment : _ba handbook for therapists |
| 250 | _a4th ed. | ||
| 260 |
_aEdinburgh; _bChurchill Livingstone, _c2011. |
||
| 300 |
_axvii, 447 p. : _bill. ; _c25 cm. |
||
| 650 | 0 |
_aMusculoskeletal system _912296 |
|
| 650 | 0 |
_aMCQs _92433 |
|
| 906 |
_a7 _bcbc _corigcop _d2 _eocip _f20 _gy-gencatlg |
||
| 942 |
_cB_BANK _2z |
||
| 999 |
_c5920 _d5920 |
||